Model driven architecture : foundations and applications : 4th European conference, ECMDA-FA 2008, Berlin, Germany, June 9-13, 2008 ; proceedings /

Bibliographic Details
Corporate Authors: ECMDA-FA (Conference) Berlin, Germany), SpringerLink (Online service)
Other Authors: Hartman, A. (Alan), Schieferdecker, Ina
Format: Conference Proceeding eBook
Language:English
Published: Berlin ; New York : Springer, [2008]
Series:LNCS sublibrary. Programming and software engineering.
Lecture notes in computer science. 5095.
Subjects:
Online Access:Connect to the full text of this electronic book

MARC

Tag First Indicator Second Indicator Subfields
LEADER 00000cam a2200000Ia 4500
001 in00002467781
005 20210817090307.0
006 m d
007 cr cn|||||||||
008 081117s2008 gw a sb 001 0 eng d
020 |a 3540691006 
020 |a 9783540691006 
035 |a (OCoLC)272312401 
035 |a (OCoLC)ocn272312401 
037 |a 978-3-540-69095-5  |b Springer  |n http://www.springerlink.com 
040 |a GW5XE  |b eng  |c GW5XE  |d UtOrBLW 
049 |a TEFA 
050 1 4 |a QA76.76.D47  |b E925 2008eb 
072 7 |a QA  |2 lcco 
111 2 |a ECMDA-FA (Conference)  |n (4th :  |d 2008 :  |c Berlin, Germany)  |0 http://id.loc.gov/authorities/names/nb2012018806 
245 1 0 |a Model driven architecture :  |b foundations and applications : 4th European conference, ECMDA-FA 2008, Berlin, Germany, June 9-13, 2008 ; proceedings /  |c Ina Schieferdecker, Alan Hartman (eds.). 
246 3 0 |a ECMDA-FA 2008 
264 1 |a Berlin ;  |a New York :  |b Springer,  |c [2008] 
264 4 |c ©2008 
300 |a xiii, 446 pages :  |b illustrations ;  |c 24 cm. 
336 |a text  |b txt  |2 rdacontent 
337 |a computer  |b c  |2 rdamedia 
338 |a online resource  |b cr  |2 rdacarrier 
490 1 |a Lecture notes in computer science sublibrary 2. Programming and software engineering 
490 1 |a Lecture notes in computer science,  |x 0302-9743 ;  |v 5095 
500 |a Electronic resource. 
504 |a Includes bibliographical references and index. 
533 |a Electronic reproduction.  |b New York :  |c Springer,  |d 2008.  |n Mode of access: World Wide Web.  |n System requirements: Web browser.  |n Title from title screen (viewed on Nov. 10, 2008).  |n Access may be restricted to users at subscribing institutions. 
650 0 |a Model-driven software architecture  |v Congresses. 
655 7 |a Electronic books.  |2 local 
700 1 |a Hartman, A.  |q (Alan)  |0 http://id.loc.gov/authorities/names/n88243825 
700 1 |a Schieferdecker, Ina.  |0 http://id.loc.gov/authorities/names/n2002015345 
710 2 |a SpringerLink (Online service)  |0 http://id.loc.gov/authorities/names/no2005046756 
776 1 |c Original  |z 9783540690955  |z 3540690956  |w (DLC) 2008928260  |w (OCoLC)232123990 
830 0 |a LNCS sublibrary.  |n SL 2,  |p Programming and software engineering.  |0 http://id.loc.gov/authorities/names/no2007033954 
830 0 |a Lecture notes in computer science.  |x 0302-9743 ;  |v 5095.  |0 http://id.loc.gov/authorities/names/n42015162 
856 4 0 |u http://proxy.library.tamu.edu/login?url=https://dx.doi.org/10.1007/978-3-540-69100-6  |z Connect to the full text of this electronic book  |t 0 
994 |a C0  |b TEF 
999 |a MARS 
999 f f |s 96f85157-a13c-3b2d-bd83-8143ab436798  |i 9354b427-097e-3854-a460-db333e95b1d1  |t 0 
952 f f |a Texas A&M University  |b College Station  |c Electronic Resources  |d Available Online  |t 0  |e QA76.76.D47 E925 2008eb  |h Library of Congress classification 
998 f f |a QA76.76.D47 E925 2008eb  |t 0  |l Available Online